Съчинения (Запис номер 153619)
[ съкратено ]
| 000 -Лидер | |
|---|---|
| Контролно поле с фиксирана дължина | 02043nam a2200361 c 4500 |
| 003 - Код на организацията, давaща контролен номер | |
| Контролно поле | BLK |
| 005 - Дата и час на последна редакция | |
| Контролно поле | 20230404030250.0 |
| 008 - Елементи от данни с фиксирана дължина | |
| fixed length control field | 180410b bul|||||r ||||||| ||bul|| |
| 010 ## - Наследен системен номер | |
| LC control number | KNG00160152000 |
| 040 ## - Източник на каталожния запис | |
| Идентификатор на билиотеката - собственик на записа | BLK |
| 041 ## - Код за език | |
| Код за езика на текст/звукозапис или на отделно заглавие | Български |
| Код за езика КДБФ | Български |
| 080 ## - УДК | |
| Текстов определител УДК | Българска литература |
| УДК код - определител по УДК | 821.163.2 |
| УДК определител | (081) |
| УДК - код + определител | 821.163.2(081) |
| 080 ## - УДК | |
| Текстов определител УДК | Българска литература |
| УДК код - определител по УДК | 821.163.2 |
| УДК определител | -31 |
| УДК - код + определител | 821.163.2-31 |
| 080 ## - УДК | |
| Текстов определител УДК | Българска литература |
| УДК код - определител по УДК | 821.163.2 |
| УДК определител | -32 |
| УДК - код + определител | 821.163.2-32 |
| 100 1# - Редна дума - Автор | |
| Автор | Василев, Орлин |
| Автор - информация (биография) | Василев, Христо Петков |
| R(LIN) | 377390 |
| 139 ## - Редно поле | |
| Редна дума | Василев, Орлин |
| Авторски знак | Васи - В 24 |
| 245 10 - Сведения за заглавието | |
| Заглавие | Съчинения |
| Подзаглавни данни | В 4 т. |
| Редно поле (дума) | Орлин Василев; ред. кол. Розалия Николова Ликова; предг. от Розалия Николова Ликова; под ред. на на том Орлин Орлинов; под ред. на на том Даря Табакова. |
| Том | Т. 1 |
| Заглавие на том | Романи |
| 257 ## - Страна на издаване | |
| Страна на създаване/издаване | България |
| 260 ## - Област на издателските данни | |
| -- | София |
| Име на издателя, разпространителя и проч. | Бълг. писател |
| Година на издаване | 1984 - |
| 300 ## - Физическа характеристика | |
| Размери/Мащаб | 21 см |
| 380 ## - Жанр | |
| Жанр | Худож. лит. |
| 500 ## - Общи забележки | |
| Забележка | Други ред. : О. Орлинов, Д. Табакова. |
| 700 1# - Други автори (авторска отговорност) | |
| Лично име | Ликова, Розалия Николова |
| Автороска отговорност (Описва отношението между автора и произведението) | ред. кол. |
| 9 (RLIN) | 380913 |
| 700 1# - Други автори (авторска отговорност) | |
| Лично име | Ликова, Розалия Николова |
| Автороска отговорност (Описва отношението между автора и произведението) | предг. от |
| 9 (RLIN) | 380913 |
| 700 1# - Други автори (авторска отговорност) | |
| Лично име | Орлинов, Орлин |
| Друга информация | Василев, Орлин Орлинов |
| 9 (RLIN) | 372003 |
| 700 1# - Други автори (авторска отговорност) | |
| Лично име | Табакова, Даря |
| Автороска отговорност (Описва отношението между автора и произведението) | под ред. на на том |
| 9 (RLIN) | 377136 |
| 760 1# - Описание на основната серия | |
| Редна дума на основното описание | Василев, Орлин |
| Място на издаване, издател и година | 1984 |
| Страници - том | 583 с., 5 л. : ил., портр., факс. |
| Забележка - том | 12 113 тир. - Съдържа : Бялата пътека ; Огненият обръч ; Тор ; Хайдутин майка не храни. |
| Заглавие | Т. 1 Романи |
| 852 ## - Местоположение | |
| Форматна сигнатура | Цб 129465 |
| 856 4# - Електронен адрес и достъп | |
| Електронен формат | pdf - файл |
| Път до файла /url/ | |
| 856 4# - Електронен адрес и достъп | |
| Електронен формат | pdf - файл |
| Път до файла /url/ | |
| 942 ## - АРТИКУЛИ | |
| Вид на библиотечния материал | Книги |
| Скрит в OPAC | Не |
| Koha issues (borrowed), all copies | 1 |
| 944 ## - СЪЗДАВАНЕ И РЕДАКЦИЯ на ЗАПИСА | |
| Създаване/Редакция | Създаване |
| Дата на регистрацията/редакция | 30.04.2014 |
| Статус, дата на статуса | 30.04.2014 - от С1,Р / 30.04.2014 |
| Служител, извършил регистрацията/редакцията | Иван_Цеков |
| 944 ## - СЪЗДАВАНЕ И РЕДАКЦИЯ на ЗАПИСА | |
| Създаване/Редакция | Редакция |
| Дата на регистрацията/редакция | 30.04.2014 |
| Статус, дата на статуса | 30.04.2014 - от С1,Р / 30.04.2014 |
| Служител, извършил регистрацията/редакцията | |
| 999 ## - СИСТЕМНИ КОНТРОЛНИ НОМЕРА | |
| Koha biblionumber | 153619 |
| Koha biblioitemnumber | 153619 |
| Код за отписване | Код за изгубен артикул | Източник на класификационната схема | Код за повреда | Коз за рестрикции | Код за отдаване | Артикулен № | Име на библиотеката - собственик | Име на библиотеката, в която се намира в момента | Статус (Текущо местоположение) | Дата на вписване в системата | Местоположение - отдел | Цена в лева | Инвентарен номер | Систематично азбучна сигнатура | Баркод | Номер на екземпляра | Цена в евро | Служебна бележка | Служебен тип на артикула |
|---|---|---|---|---|---|---|---|---|---|---|---|---|---|---|---|---|---|---|---|
| Не е изгубен | Universal Decimal Classification | Не е повреден | без рестрикции | ползва се в читалня | 257418 | Регионална библиотека "Любен Каравелов" Русе | Регионална библиотека "Любен Каравелов" Русе | Хранилище | 1984-01-01 | Хранилище | 4.21 | 414439 | Цб 129465 | 900000008586 | 1 | 2.15 | N: стар фонд Дата: 01.01.1984 | Книги | |
| Не е изгубен | Universal Decimal Classification | Не е повреден | без рестрикции | заемане за дома | 257419 | Регионална библиотека "Любен Каравелов" Русе | Регионална библиотека "Любен Каравелов" Русе | Заемна - подръчен фонд | 1984-01-01 | Заемна - подръчен фонд | 4.21 | 415429 | П 886.7(081)/В 24 | 120000415429 | 2 | 2.15 | N: стар фонд Дата: 01.01.1984 Дата инв: 14.02.2018 Бележки инв: П2018 | Книги |